| 000 | 00509nam a22001697a 4500 | ||
|---|---|---|---|
| 003 | OSt | ||
| 008 | 260627b |||||||| |||| 00| 0 eng d | ||
| 020 | _a9781439800089 | ||
| 082 |
_a519.542 _bR82B |
||
| 100 | _aRosner, Gary L | ||
| 245 | _aBayesian Thinking in Biostatistics / by Gary L Rosner, Purushottam W. Laud, Wesley O. Johnson | ||
| 260 |
_aBoca Raton : _bCRC Press, _c2021 |
||
| 300 | _axix, 601 p. | ||
| 650 | _aMathematics | ||
| 700 | _aBayesian statistical decision theory | ||
| 942 |
_2ddc _cBK |
||
| 999 |
_c52375 _d52375 |
||